000 00961pam a2200289 a 4500
999 _c5438
_d5438
001 5438
003 BD-JhCC
005 20171214131054.0
008 860212s1986 cou b 001 0 eng
020 _a0813371597 (pbk.) :
_c$32.50
035 _a(BD-JhCC)5438
040 _aDLC
_cDLC
_dDLC
041 _aeng
050 0 0 _aSF207
_b.S387 1986
082 0 0 _a636.2/13
_219
_bTHO 1986
245 0 0 _aSimulation of beef cattle production systems and its use in economic analysis /
_cedited by Thomas H. Spreen and David H. Laughlin.
260 _aBoulder :
_bWestview Press,
_c1986.
300 _axi, 269 p. ;
_c23 cm.
440 0 _aWestview special studies in agriculture science and policy
504 _aIncludes bibliographies and index.
650 0 _aBeef cattle
_xSimulation methods.
650 0 _aBeef cattle
_xEconomic aspects
_xSimulation methods.
700 1 _aSpreen, Thomas H.
700 1 _aLaughlin, David H.
942 _2ddc
_cBK